| 000 | 00733nam a2200253Ia 4500 | ||
|---|---|---|---|
| 003 | OSt | ||
| 005 | 20220918184141.0 | ||
| 006 | a|||||r|||| 00| 0 | ||
| 007 | ta | ||
| 008 | 220917b |||||||| |||| 00| 0 eng d | ||
| 024 | _a44,898 | ||
| 037 | _cTextual | ||
| 040 |
_aARTS _cARTS _beng |
||
| 041 |
_2eng _aeng |
||
| 082 | _aO168,1M76:g, M1 | ||
| 100 |
_aJafri Ali Sardar ed _964736 |
||
| 245 | 0 |
_aIqbal _b commemorative volume |
|
| 260 |
_aDelhi _bAll India Iqbal Centernary Celebrations Committee _c1967 |
||
| 300 |
_a318p. _ccm. |
||
| 650 | _aENGLISH LITERATURE | ||
| 700 |
_a Duggal K S ed _964737 |
||
| 942 |
_hO168,1M76:g, M1 _cTEXL _2CC |
||
| 999 |
_c175348 _d175348 |
||